| 000 | 00944nam a2200217 u 4500 | ||
|---|---|---|---|
| 001 | 000812053 | ||
| 003 | AM-YeHGA | ||
| 005 | 20250617144436.0 | ||
| 008 | 110525s1984 ||| r 000 0 rus d | ||
| 040 | _aAM-YeHGA | ||
| 041 | 0 | _arus | |
| 245 | 0 | 0 |
_aИнженерно-геокриологические исследования / _cАН СССР, Сиб. отд-ние, Ин-т мерзлотоведения; Редкол.: А.Г. Дерюгин (отв. ред.) и др. |
| 260 |
_aЯкутск : _bИн-т мерзлотоведения, _c1984. |
||
| 300 |
_a76 с. : _bил. |
||
| 504 | _aБиблиогр. в конце ст. | ||
| 653 | 0 | _aГрунты мерзлые - Сборники | |
| 700 | 1 |
_aДерюгин, А.Г. _eред. _4edt |
|
| 710 | 2 |
_aАкадемия наук СССР _bСибирское отделение |
|
| 710 | 2 | _aИнститут мерзлотоведения СО АН СССР | |
| 090 | _c295873 | ||
| 999 |
_c294185 _d294185 |
||